Olive-Themed Trivia Quiz Stats

 Plays Quiz Updated Mar 14, 2017

Support Sporcle.
Go Orange.
Score 0/15 Timer 04:00
0 Plays Today
Question Answer % Correct
In Genesis, a dove brought back an olive branch to what biblical character after the flood?Noah
87.2%
In what category would the olive belong on a dietary pyramid?fruit
82%
The object of what 1982 Nintendo arcade game is to collect items dropped by Olive Oyl?Popeye
81%
Latin borrowed the word olive from what language, where it was known as 'ἐλαία'?Greek
80.2%
The olive wreath, known as 'kotinos', was awarded to the winner of what ancient event?Olympics
77.6%
Located in the medulla oblongata, the olivary bodies or 'olives' are found in what organ?brain
76.2%
Olive Zorian was an English classical musician that played what stringed instrument?violin
76.1%
What word completes the Olive Garden slogan: 'When you're here, you're _____'?family
67.1%
Question Answer % Correct
Milton L. Olive, III was the 1st African-American Medal of Honor recipient, serving in what war?Vietnam War
66.8%
In what 'new' mid-Atlantic state would you find Mount Olive Township?New Jersey
61.8%
What actress played the main character named Olive in the 2010 comedy film, 'Easy A'?Emma Stone
58.9%
In the Christmas special, Olive, the Other Reindeer, what type of animal is Olive?Jack Russell Terrier
48.7%
In the 'Harry Potter' series, what character hid from Olive Hornby in the 1st floor girls' lavatory?Moaning Myrtle
46.7%
What actress won an Oscar for 'Fargo', a Tony for 'Good People' & an Emmy for 'Olive Kitteridge'?Frances McDormand
45.9%
Kristin Chenoweth portrayed & won an Emmy playing Olive Snook on what comedy series?Pushing Daisies
19.3%

You're not logged in!

Compare scores with friends on all Sporcle quizzes.
OR
Log In
Forgot?

From the Vault

Name the Author: Literature (1900-1919)

by rwlpeter

Check out this early-20th century literature. All the cool kids are doing it.
Remove Ads.
Support Sporcle.
Get the best of Sporcle when you Go Orange. This ad-free experience offers more features, more stats, and more fun while also helping to support Sporcle. Thank you for becoming a member.

Show Comments

Extras

Top Quizzes Today


Score Distribution

Your Account Isn't Verified!

In order to create a playlist on Sporcle, you need to verify the email address you used during registration. Go to your Sporcle Settings to finish the process.

Report this User

Report this user for behavior that violates our Community Guidelines.

Details: